| 000 | 00914nam a2200277 4500 | ||
|---|---|---|---|
| 001 | 18383 | ||
| 003 | BD-RjUL | ||
| 005 | 20211209000257.0 | ||
| 008 | 614022s1968 enka b 000 1 eng | ||
| 035 | _a(BD-RjUL)18441 | ||
| 040 |
_aDLC _cDLC _dDLC _dBD-RjUL _beng |
||
| 041 | _aeng | ||
| 082 | 0 | 0 |
_a821.309 _bELI 1967 |
| 245 | 1 | 0 |
_aElizabethan poetry : _bmodern essays in criticism / _cedited by Paul J. Alpers. |
| 260 |
_aLondon ; _aNew York [etc.] : _bOxford U.P., _cc1967. |
||
| 300 |
_a[9] 524 p. : _bill. ; _c21 cm. |
||
| 350 | _a-/27/6 | ||
| 504 | _aIncludes bibliographical references. | ||
| 600 | 1 | 0 |
_aSpenser, Edmund, _d1552?-1599. _956625 |
| 650 | 0 |
_aEnglish poetry _yEarly modern, 1500-1700 _xHistory and criticism. _94392 |
|
| 651 | 0 |
_aGreat Britain _xHistory _yElizabeth, 1558-1603. _956613 |
|
| 700 | 1 |
_aAlpers, Paul J., _956614 |
|
| 942 |
_2ddc _cBK |
||
| 999 |
_c18383 _d18383 |
||